| 000 | 01024nam a2200277 a 4500 | ||
|---|---|---|---|
| 001 | 930 | ||
| 003 | BR-CuiBMT | ||
| 005 | 20231123200204.0 | ||
| 008 | 231122s2001 spba 000 0 por d | ||
| 020 | _a9788522429097 | ||
| 040 |
_aBR-CuiBMT _cBR-CuiBMT |
||
| 080 |
_22007 _a658:001.101 |
||
| 090 |
_a658:001.101 _bG393 |
||
| 245 | 0 | 0 |
_aGestão estratégica do conhecimento : _bintegrando aprendizagem, conhecimento e competências / _cMaria Tereza Leme Fleury, Moacir de Miranda Oliveira Jr., (organizadores) ; Afonso Fleury ... [et al., autores]. |
| 260 |
_aSão Paulo : _bAtlas, _c2001. |
||
| 300 |
_a349 p. : _bil. ; _c24 cm |
||
| 500 | _aVários autores. | ||
| 504 | _aInclui bibliografia. | ||
| 590 | _aA biblioteca possui 7. reimpr. 2011. | ||
| 650 | _aGestão do conhecimento | ||
| 650 |
_aAdministração de empresas _xPlanejamento estratégico |
||
| 700 | 1 |
_aFleury, Maria Tereza Leme _4org. |
|
| 700 | 1 |
_aOliveira Jr., Moacir de Miranda _4org. |
|
| 700 | 1 |
_aFleury, Afonso _eet al. _eautores |
|
| 942 |
_2udc _cLV |
||
| 999 |
_c930 _d930 |
||